[Event "TUR-ch (Women)"]
[Site "Ankara"]
[Date "2020.03.02"]
[Round "1"]
[White "Avluk, Dilek"]
[Black "Ince, Safiye Oyku"]
[Result "0-1"]
[WhiteElo "1347"]
[BlackElo "1928"]
[PlyCount "118"]
[EventDate "2020.03.02"]
[EventType "swiss"]
[EventRounds "9"]
[EventCountry "TUR"]
[SourceTitle "CBM 195 Extra"]
[Source "ChessBase"]
[SourceDate "2020.05.31"]
[SourceVersion "1"]
[SourceVersionDate "2020.05.31"]
[SourceQuality "1"]

1. e4 c5 2. c3 d5 3. exd5 Qxd5 4. d4 Nf6 5. Nf3 Bg4 6. Be2 cxd4 7. Qxd4 Nc6 8. Qxd5 Nxd5 9. h3 Bd7 10. Nbd2 Nf4 11. Bf1 Bf5 12. g3 Nd3+ 13. Bxd3 Bxd3 14. Nb3 e5 15. Be3 e4 16. Nfd2 0-0-0 17. Nc1 Bc2 18. 0-0 Bd6 19. Ne2 Bd3 20. Rfe1 Rhe8 21. Nb3 Ne5 22. Ned4 b6 23. Nd2 h6 24. Bf4 Nc4 25. Nxc4 Bxc4 26. Bxd6 Rxd6 27. Re3 g6 28. Rae1 f5 29. f3 Bd5 30. b3 Kb7 31. fxe4 Bxe4 32. a4 Red8 33. Kf2 Rxd4 34. cxd4 Rxd4 35. g4 a6 36. gxf5 gxf5 37. Rg1 f4 38. Rg7+ Kc6 39. Rc3+ Kd6 40. Rf7 f3 41. Rf6+ Ke5 42. Rfxf3 Bxf3 43. Kxf3 Kd5 44. Ke3 Rh4 45. Kf2 Rb4 46. Ke3 h5 47. Kd3 h4 48. Ke3 b5 49. axb5 axb5 50. Rd3+ Ke5 51. Kf3 Rf4+ 52. Ke3 Re4+ 53. Kf3 Rd4 54. Rc3 b4 55. Re3+ Kd5 56. Ke2 Re4 57. Kd3 Rxe3+ 58. Kxe3 Ke5 59. Kf3 Kd4 0-1

[Event "TUR-ch (Women)"]
[Site "Antalya"]
[Date "2018.03.09"]
[Round "7"]
[White "Yildirim, Ada"]
[Black "Avluk, Dilek"]
[Result "0-1"]
[WhiteElo "1222"]
[BlackElo "1377"]
[PlyCount "88"]
[EventDate "2018.03.05"]
[EventType "swiss"]
[EventRounds "9"]
[EventCountry "TUR"]
[SourceTitle "CBM 183 Extra"]
[Source "ChessBase"]
[SourceDate "2018.04.19"]
[SourceVersion "1"]
[SourceVersionDate "2018.04.19"]
[SourceQuality "1"]

1. d4 d5 2. c4 Nf6 3. cxd5 Qxd5 4. Nc3 Qd8 5. Nf3 Bg4 6. e3 e6 7. Bd3 Be7 8. 0-0 0-0 9. a3 c5 10. Be2 Nc6 11. dxc5 Bxc5 12. b4 Bd6 13. Qc2 h6 14. Rd1 Qe7 15. Bb2 Ne5 16. Nxe5 Bxe5 17. h3 Bf5 18. Bd3 Bxd3 19. Rxd3 Rac8 20. Qd1 Bxc3 21. Rxc3 Nd5 22. Rxc8 Rxc8 23. Qd4 Qf6 24. Qxf6 Nxf6 25. Rc1 Rxc1+ 26. Bxc1 Kf8 27. Kf1 Ke7 28. Bb2 g6 29. Bxf6+ Kxf6 30. Ke2 Ke5 31. Kd3 b5 32. f4+ Kd5 33. e4+ Kd6 34. Kd4 f5 35. e5+ Kc6 36. Kc3 Kd5 37. Kd3 g5 38. g3 gxf4 39. gxf4 h5 40. Ke3 Kc4 41. h4 Kc3 42. Ke2 Kb3 43. Kd3 Kxa3 44. Kc3 Ka4 0-1

[Event "TUR-ch (Women)"]
[Site "Antalya"]
[Date "2018.03.08"]
[Round "6"]
[White "Avluk, Dilek"]
[Black "Bahar, Fatma Sude"]
[Result "1/2-1/2"]
[WhiteElo "1377"]
[BlackElo "1179"]
[PlyCount "46"]
[EventDate "2018.03.05"]
[EventType "swiss"]
[EventRounds "9"]
[EventCountry "TUR"]
[SourceTitle "CBM 183 Extra"]
[Source "ChessBase"]
[SourceDate "2018.04.19"]
[SourceVersion "1"]
[SourceVersionDate "2018.04.19"]
[SourceQuality "1"]

1. e4 e5 2. Nf3 Nc6 3. d4 exd4 4. Nxd4 Nf6 5. Nxc6 bxc6 6. Bd3 g6 7. Nd2 Bg7 8. Nf3 0-0 9. 0-0 Re8 10. e5 Nd5 11. Bg5 f6 12. exf6 Nxf6 13. Qd2 d5 14. Rfe1 Bd7 15. c4 Rxe1+ 16. Rxe1 Qf8 17. Ne5 Rd8 18. Qa5 Bh6 19. Bxf6 Qxf6 20. g3 Rf8 21. f4 Bh3 22. Bf1 Bxf1 23. Kxf1 Qf5 1/2-1/2

[Event "TUR-ch (Women)"]
[Site "Antalya"]
[Date "2018.03.06"]
[Round "2"]
[White "Avluk, Dilek"]
[Black "Akti, Ezgi"]
[Result "0-1"]
[WhiteElo "1377"]
[BlackElo "1698"]
[PlyCount "98"]
[EventDate "2018.03.05"]
[EventType "swiss"]
[EventRounds "9"]
[EventCountry "TUR"]
[SourceTitle "CBM 183 Extra"]
[Source "ChessBase"]
[SourceDate "2018.04.19"]
[SourceVersion "1"]
[SourceVersionDate "2018.04.19"]
[SourceQuality "1"]

1. e4 e5 2. Nf3 Nc6 3. d4 exd4 4. Nxd4 Nf6 5. Nxc6 bxc6 6. Bd3 Bc5 7. 0-0 d6 8. Bg5 h6 9. Bh4 Rb8 10. b3 0-0 11. c3 a5 12. Nd2 Re8 13. h3 Re6 14. Nf3 Qe8 15. Bxf6 Rxf6 16. Nd4 Bd7 17. Kh1 Qe5 18. Nf3 Qxc3 19. Rc1 Qb4 20. Rc4 Qb6 21. e5 dxe5 22. Nxe5 Be6 23. Rc2 Bxf2 24. Be4 Bh4 25. Rxf6 Bxf6 26. Nd7 Bxd7 27. Qxd7 Rd8 28. Qg4 c5 29. Qf5 Rd1+ 30. Kh2 Qd6+ 31. g3 g6 32. Qxc5 Rd2+ 33. Kh1 Rxc2 34. Qxc2 Qxg3 35. Qd3 Qe1+ 36. Kg2 Bh4 37. Qf3 Qd2+ 38. Kh1 Qxa2 39. Bd5 Qa1+ 40. Kg2 Qb2+ 41. Kh1 Qc1+ 42. Kh2 Qd2+ 43. Kh1 Qe1+ 44. Kg2 Qe7 45. Bc4 Kg7 46. Qc3+ Bf6 47. Qxa5 Qe4+ 48. Kf1 Qf3+ 49. Ke1 Bc3+ 0-1

[Event "TUR-ch (Women)"]
[Site "Aksu"]
[Date "2017.03.08"]
[Round "4"]
[White "Avluk, Dilek"]
[Black "Kaygisiz, Ilayda"]
[Result "0-1"]
[WhiteElo "1518"]
[BlackElo "1623"]
[PlyCount "36"]
[EventDate "2017.03.06"]
[EventType "swiss"]
[EventRounds "9"]
[EventCountry "TUR"]
[SourceTitle "CBM 177 Extra"]
[Source "ChessBase"]
[SourceDate "2017.04.27"]
[SourceVersion "1"]
[SourceVersionDate "2017.04.27"]
[SourceQuality "1"]

1. e4 c5 2. Nf3 e6 3. c3 Nf6 4. e5 Nd5 5. c4 Nb6 6. b3 Be7 7. Bb2 0-0 8. d4 cxd4 9. Qxd4 Nc6 10. Qe4 f5 11. exf6 Bxf6 12. Ne5 d5 13. Qe2 dxc4 14. Nd2 cxb3 15. axb3 Nd5 16. 0-0-0 Ncb4 17. Ndc4 b5 18. Ne3 Na2+ 0-1

[Event "TUR-ch (Women)"]
[Site "Cesme"]
[Date "2016.03.09"]
[Round "4"]
[White "Celik, Eda"]
[Black "Avluk, Dilek"]
[Result "1-0"]
[WhiteElo "1741"]
[BlackElo "1463"]
[PlyCount "115"]
[EventDate "2016.03.07"]
[EventType "swiss"]
[EventRounds "9"]
[EventCountry "TUR"]
[SourceTitle "CBM 171 Extra"]
[Source "ChessBase"]
[SourceDate "2016.04.26"]
[SourceVersion "1"]
[SourceVersionDate "2016.04.26"]
[SourceQuality "1"]

1. e4 e5 2. Nf3 Nc6 3. Bb5 Bc5 4. 0-0 Nd4 5. Nxd4 Bxd4 6. c3 Bb6 7. d4 c6 8. Bc4 d5 9. exd5 cxd5 10. Bb5+ Bd7 11. Bxd7+ Qxd7 12. dxe5 Ne7 13. Nd2 0-0-0 14. Nf3 Ng6 15. Re1 Rde8 16. a4 h5 17. a5 Bc7 18. Qd4 a6 19. Bd2 h4 20. h3 Rh5 21. c4 Nxe5 22. Nxe5 Rexe5 23. Rxe5 Bxe5 24. Qc5+ Kd8 25. cxd5 Qd6 26. Qc4 Qc7 27. Qg4 Rh7 28. Be3 Bxb2 29. Bb6 Qxb6 30. axb6 Bxa1 31. Qf5 Rh6 32. Qg5+ Kd7 33. Qf4 Rxb6 34. Qa4+ Kd6 35. Qxa1 f6 36. Qd4 Rb5 37. Qxh4 Kxd5 38. f3 a5 39. Qe4+ Kc5 40. Qe7+ Kc4 41. Qxg7 a4 42. Qf7+ Kb4 43. Qa2 a3 44. h4 Ka4 45. g4 Rb2 46. Qc4+ Rb4 47. Qc2+ Ka5 48. Qa2 Ka4 49. h5 Rb2 50. Qc4+ Rb4 51. Qc2+ Ka5 52. Qa2 Ka4 53. h6 Rb2 54. Qc4+ Rb4 55. Qc2+ Ka5 56. Qa2 Ka4 57. h7 Rb2 58. Qc4+ 1-0